00298pab a2200121 454500008004000000100002100040245003100061260000900092300001100101362001000112650002200122773003200144180718b1988 xxu||||| |||| 00| 0 eng d aChilton, Stephen aDesining political culture c1988 a419-46 aSept. aPolitical Science aWestern Political Quarterly